Statistiques concernant 16 personnalités MBTI codes

Cliquez ici pour prendre le quiz!

Statistiques générales

  • Ce quiz a été pris 70 fois
  • Le résultat moyen est 14 sur 16

Statistiques - réponses

Codes% Correct
INFP
95%
ENFJ
91%
ENFP
91%
INTJ
91%
INTP
91%
ENTJ
90%
ENTP
90%
INFJ
90%
ISTP
86%
ESTP
84%
ISFP
84%
ESFP
83%
ESTJ
83%
ESFJ
81%
ISFJ
81%
ISTJ
79%

Distribution des résultats

Percentile par nombre de réponses

% des personnes avec chaque résultat

Votre développement - résultats

Vous n’avez pas pris ce quiz